000 00392pab a2200169 454500
008 180718b2015 xxu||||| |||| 00| 0 eng d
100 _aSabita Kumari
245 _aRural-urban linkage and PMGSY
260 _c2015
300 _ap.13-16.
362 _aFeb
650 _aUrban development
650 _aPMGSY
650 _aRural development
773 _aKurukshetra
909 _a107124
999 _c107119
_d107119